<?xml version="1.0" encoding="UTF-8"?>
<marc:record xmlns:marc="http://www.loc.gov/MARC21/slim">
   <marc:leader>00000nam a2200000 a 4500</marc:leader>
   <marc:datafield ind1="1" ind2=" " tag="100">
      <marc:subfield code="a">Tremayne, Peter</marc:subfield>
      <marc:subfield code="4">aut</marc:subfield>
      <marc:subfield code="e">Verfasser/-in</marc:subfield>
   </marc:datafield>
   <marc:datafield ind1="0" ind2="0" tag="245">
      <marc:subfield code="a">Sendboten des Teufels</marc:subfield>
   </marc:datafield>
   <marc:datafield ind1="0" ind2="0" tag="245">
      <marc:subfield code="b">historischer Kriminalroman</marc:subfield>
   </marc:datafield>
   <marc:datafield ind1="0" ind2="0" tag="245">
      <marc:subfield code="c">Peter Tremayne. Aus dem Engl. von Irmhild und Otto Brandstädter</marc:subfield>
   </marc:datafield>
   <marc:datafield ind1=" " ind2="1" tag="264">
      <marc:subfield code="a">Berlin</marc:subfield>
      <marc:subfield code="b">Aufbau Taschenbuch</marc:subfield>
      <marc:subfield code="c">2014</marc:subfield>
   </marc:datafield>
   <marc:datafield ind1=" " ind2=" " tag="250">
      <marc:subfield code="a">Dt. Erstausg., 1. Aufl.</marc:subfield>
   </marc:datafield>
   <marc:datafield ind1="1" ind2=" " tag="520">
      <marc:subfield code="a">Angaben aus der Verlagsmeldung

Sendboten des Teufels : Historischer Kriminalroman Tremayne. Sendboten des Teufels / von Peter Tremayne

Irland im Herbst 671: Unweit vom Herrschersitz der Könige von Muman werden ein älterer Geistlicher und seine Begleiter brutal erschlagen und ausgeraubt. Doch das ist erst der Anfang. Tod und Verdammnis haben offenbar auf der Burg Cashel Fuß gefasst. Selbst Fidelma ist nicht mehr in der Lage, diesen blutigen Ereignissen Einhalt zu gebieten. Haben die Abgesandten aus Rom, die alle bald als Sendboten des Teufels
bezeichnen, etwas damit zu tun? Ein neuer Fall für Schwester Fidelma und Eadulf, der ihnen wirklich alles abverlangt.

»Wer einen Roman von Peter Tremayne gelesen hat, der möchte sie alle lesen.« ndr
</marc:subfield>
   </marc:datafield>
   <marc:datafield ind1=" " ind2=" " tag="020">
      <marc:subfield code="a">9783746630472</marc:subfield>
      <marc:subfield code="9">9783746630472</marc:subfield>
   </marc:datafield>
   <marc:datafield ind1=" " ind2=" " tag="020">
      <marc:subfield code="a">3746630479</marc:subfield>
      <marc:subfield code="9">3746630479</marc:subfield>
   </marc:datafield>
   <marc:datafield ind1=" " ind2=" " tag="041">
      <marc:subfield code="a">ger</marc:subfield>
   </marc:datafield>
   <marc:datafield ind1=" " ind2=" " tag="300">
      <marc:subfield code="a">446 S.</marc:subfield>
   </marc:datafield>
</marc:record>
